Online
Catalog

Banco Central : (Record no. 47019)

MARC details
000 -CABECERA
campo de control de longitud fija 01268nam a2200337 i 4500
001 - NÚMERO DE CONTROL
campo de control 000047531
003 - IDENTIFICADOR DEL NÚMERO DE CONTROL
campo de control DO-SdBNP
005 - FECHA Y HORA DE LA ÚLTIMA TRANSACCIÓN
campo de control 20250721145119.0
007 - CAMPO FIJO DE DESCRIPCIÓN FÍSICA--INFORMACIÓN GENERAL
campo de control de longitud fija ta
008 - DATOS DE LONGITUD FIJA--INFORMACIÓN GENERAL
campo de control de longitud fija 150206s2007 dr ac 000 0 spa d
020 ## - NÚMERO INTERNACIONAL ESTÁNDAR DEL LIBRO
Número Internacional Estándar del Libro 978945443172
040 ## - FUENTE DE LA CATALOGACIÓN
Centro catalogador/agencia de origen DO-SdBNP
Lengua de catalogación spa
Centro/agencia transcriptor BNPHU
Normas de descripción rda
082 ## - NÚMERO DE LA CLASIFICACIÓN DECIMAL DEWEY
Número de clasificación 332.11
Número de documento/Ítem B213ce
Número de edición 22
245 00 - MENCIÓN DE TÍTULO
Título Banco Central :
Resto del título 60 años de historia, arquitectura y arte /
Mención de responsabilidad, etc. Gustavo Luis Moré, Omar Rancier, Marianne de Tolentino, Roberto Segre.
246 ## - FORMA VARIANTE DE TÍTULO
Título propio/Titulo breve Banco Central
Resto del título sesenta años de historia, arquitectura y arte
264 #1 - PRODUCCIÓN, PUBLICACIÓN, DISTRIBUCIÓN, FABRICACIÓN Y COPYRIGHT
Producción, publicación, distribución, fabricación y copyright Santo Domingo :
Nombre del de productor, editor, distribuidor, fabricante Banco Central de la República Dominicana,
Fecha de producción, publicación, distribución, fabricación o copyright 2007.
300 ## - DESCRIPCIÓN FÍSICA
Extensión 181 paginas :
Otras características físicas ilustraciones, retratos. ;
Dimensiones 29 cm.
336 ## - TIPO DE CONTENIDO
Término de tipo de contenido texto
Código de tipo de contenido txt
Fuente rdacontent
337 ## - TIPO DE MEDIO
Nombre/término del tipo de medio sin mediación
Código del tipo de medio n
Fuente rdamedia
338 ## - TIPO DE SOPORTE
Nombre/término del tipo de soporte volumen
Código del tipo de soporte nc
Fuente rdacarrier
490 1# - MENCIÓN DE SERIE
Mención de serie Banco Central de la República Dominicana
Designación de volumen o secuencia 99
490 1# - MENCIÓN DE SERIE
Mención de serie Arte y literatura
Designación de volumen o secuencia 39
500 ## - NOTA GENERAL
Nota general Incluye notas a pie de páginas
590 ## - NOTA LOCAL (RLIN)
Nota local Inventariado, 2018/ YL
700 12 - PUNTO DE ACCESO ADICIONAL--NOMBRE DE PERSONA
Nombre de persona Moré, Gustavo Luis
9 (RLIN) 13153
Término indicativo de función/relación autor
Código de función/relación aut.
700 12 - PUNTO DE ACCESO ADICIONAL--NOMBRE DE PERSONA
Nombre de persona Rancier, Omar
9 (RLIN) 57065
Término indicativo de función/relación autor
Código de función/relación aut.
700 12 - PUNTO DE ACCESO ADICIONAL--NOMBRE DE PERSONA
Nombre de persona Tolentino, Marianne de
Término indicativo de función/relación autora
9 (RLIN) 15222
Código de función/relación aut.
700 12 - PUNTO DE ACCESO ADICIONAL--NOMBRE DE PERSONA
Nombre de persona Segre, Roberto
Fechas asociadas al nombre 1934-2013
Término indicativo de función/relación autor
9 (RLIN) 59637
Código de función/relación aut.
910 ## - DATOS DE OPCIÓN DEL USUARIO (OCLC)
Datos de opción del usuario YLockward
942 ## - ELEMENTOS DE PUNTO DE ACCESO ADICIONAL (KOHA)
Fuente del sistema de clasificación o colocación Dewey Decimal Classification
Tipo de ítem Koha Libro
Holdings
Estado de retiro Estado de pérdida Fuente del sistema de clasificación o colocación Restricciones de uso No para préstamo Código de colección Localización permanente Ubicación/localización actual Ubicación en estantería Fecha de adquisición Número de inventario Total de préstamos Signatura topográfica completa Código de barras Fecha visto por última vez Precio válido a partir de Tipo de ítem Koha Número de copia Nota pública Fuente de adquisición
    Dewey Decimal Classification Excluido de préstamo   Patrimonio Dominicano Biblioteca Nacional Pedro Henríquez Ureña Biblioteca Nacional Pedro Henríquez Ureña Depósito 21.06.2018 LF1   BNPHU PD xxxx xxxx 47531-10 25.06.2020 25.06.2020 Libro      
    Dewey Decimal Classification Excluido de préstamo   Patrimonio Dominicano Biblioteca Nacional Pedro Henríquez Ureña Biblioteca Nacional Pedro Henríquez Ureña Depósito 28.05.2019 LF1   BNPHU PD xxxx xxxx 47531-20 25.06.2020 25.06.2020 Libro e. 2 Perteneció a la biblioteca personal de Maritza Baez.  
    Dewey Decimal Classification Préstamo en sala   Dominicana de Servicio Biblioteca Nacional Pedro Henríquez Ureña Biblioteca Nacional Pedro Henríquez Ureña En catalogación 27.06.2023     BNPHU DS xxxx R426s 2023-2806 27.06.2023 27.06.2023 Libro e.3   donado
    Dewey Decimal Classification Préstamo en sala   Dominicana de Servicio Biblioteca Nacional Pedro Henríquez Ureña Biblioteca Nacional Pedro Henríquez Ureña En catalogación 11.03.2025     BNPHU DS xxxx R426s 2025-6947 22.07.2025 27.06.2023 Libro e. 4   Donado por Amalia Calventi

Powered by Koha